00687nas a2200229Ia 4500001001600000003001000016008004100026040002500067041001300092100001100105210001800116222001800134245003900152250001100191260000900202501012300211300001400334362002500348500005000373650002300423700001100446A03/R024-32221 IT-MiCISF161014c99999999xx |||||||||||| ||und|| aIT-MiCISFcIT-MiCISF aITALIANO aCensis aFamiglia oggi aFamiglia oggi 0aI consumi culturali degli italiani a1a ed. c2001 bCISF - Centro Internazionale Studi Famiglia - Via Giotto, 36 20145 MILANO (non commercial uses only)cCopyright 2016 app. 45-54 an. 1, gennaio [2001] a Tema: società, cultura, massmedia, consumi asocietàvdossier aAA.VV.